000 00707nam a2200229Ia 4500
003 OSt
005 20220928112554.0
006 a|||||r|||| 00| 0
007 ta
008 220927b |||||||| |||| 00| 0 eng d
024 _a75120
037 _cTextual
040 _aSDCL
_cSDCL
_beng
041 _2eng
_aeng
082 _aV2,1y7J42, L3.1-.2
100 _aAugust Frederick
_9428830
245 0 _aEmperor Akbar
_b A contibution towards the history of India in the 16th century.2V.Tr b Annette S Beveridge
260 _aPatna
_bAcademica
_c1973
300 _alvi,348p(V1), 454p(V2)
_ccm.
942 _hV2,1y7J42, L3.1-.2
_cTEXL
_2CC
999 _c745334
_d745334